Histoire générale des missions catholiques (Record no. 155251)

MARC details
000 -LEADER
campo de control de longitud fija 01136nam a22002535i 4500
001 - NÚMERO DE CONTROL
campo de control 155251
003 - IDENTIFICADOR DE NÚMERO DE CONTROL
campo de control ES-MaACL
005 - FECHA Y HORA DE LA ÚLTIMA TRANSACCIÓN
campo de control 20251005063122.0
008 - DATOS DE LONGITUD FIJA--INFORMACIÓN GENERAL
campo de control de longitud fija 040719s1847 fr af |||| | fre d
040 ## - FUENTE DE CATALOGACIÓN
Centro catalogador/agencia de origen CAM
Lengua de catalogación spa
Centro/agencia transcriptor CAM
100 1# - ENTRADA PRINCIPAL--NOMBRE DE PERSONA
Nombre de persona Henrion, Mathieu Richard Auguste,
Títulos y otros términos asociados al nombre Baron
9 (RLIN) 127857
245 10 - MENCIÓN DEL TÍTULO
Título Histoire générale des missions catholiques
Resto del título : depuis le XIIIe siècle jusqu'a nos jours /
Mención de responsabilidad, etc. par le Baron Henrion.
260 ## - PUBLICACIÓN, DISTRIBUCIÓN, ETC.
Lugar de publicación, distribución, etc. Paris :
Nombre del editor, distribuidor, etc. Gaume Frères, libraires-éditeurs,
Fecha de publicación, distribución, etc. 1847 (
Fabricante Imprimerie et fonderie de Rignoux)
300 ## - DESCRIPCIÓN FÍSICA
Extensión 4 v. :
Otras características físicas il. ;
Dimensiones 27 cm.
596 ## - NOTA AL PIE DE IMPRENTA
NOTA AL PIE DE IMPRENTA En cubs. consta : 1846.
597 ## - NOTA DE DESCRIPCIÓN FÍSICA
NOTA DE DESCRIPCIÓN FÍSICA T. I. Première partie (XIV, 344 p.) -- T. I. Seconde partie (345-624 p.) -- T. II. Première partie (328 p.) -- T. II. Seconde partie (329-688 p.)
597 ## - NOTA DE DESCRIPCIÓN FÍSICA
NOTA DE DESCRIPCIÓN FÍSICA Enc. 2 t. en 4 v.
597 ## - NOTA DE DESCRIPCIÓN FÍSICA
NOTA DE DESCRIPCIÓN FÍSICA Texto a dos col.
599 ## - NOTA A LAS ILUSTRACIONES
NOTA A LAS ILUSTRACIONES Las h. de lám. calc. alegóricas, maps., retratos...
599 ## - NOTA A LAS ILUSTRACIONES
NOTA A LAS ILUSTRACIONES Fronts. calc. en la primera parte del T. I y del T. II.
650 04 - PUNTO DE ACCESO ADICIONAL DE MATERIA--TÉRMINO DE MATERIA
Término de materia o nombre geográfico como elemento de entrada Misiones-
Subdivisión de forma Historia.
9 (RLIN) 15079
852 ## - LOCALIZACIÓN
Ubicación ES-MaACL
Número de control de estantería G-11637-40
Nota libre -- Enc. hol., conservando la cub. original
Holdings
Estatus retirado Estado de pérdida Estado de daño No para préstamo Colección Biblioteca de origen Biblioteca actual Ubicación en estantería Fecha de adquisición Total de préstamos Signatura topográfica completa Código de barras Visto por última vez Precio de reemplazo Tipo de ítem Koha
        Libros del s. XIX Biblioteca del Ateneo de Madrid Biblioteca del Ateneo de Madrid Sala Pecera Planta 3 17/01/2008   G-11637-40 1162400 23/02/2023 23/02/2023 Libro impreso antiguo